Statistiques concernant Prix Nobel français

Cliquez ici pour prendre le quiz!

Statistiques générales

  • Ce quiz a été pris 66 fois
    (40 depuis la dernière actualisation)
  • Le résultat moyen est 17 sur 59

Statistiques - réponses

AnnéePrixRéponse% Correct
1911ChimieMarie Curie
97%
1903PhysiqueMarie Curie
97%
1903PhysiquePierre Curie
97%
1935ChimieIrène Joliot-Curie
94%
1935ChimieFrédéric Joliot-Curie
91%
1964LittératureJean-Paul Sartre
69%
1957LittératureAlbert Camus
66%
2008LittératureJ. M. G. Le Clézio
63%
2014LittératurePatrick Modiano
57%
1901LittératureSully Prudhomme
54%
1921LittératureAnatole France
46%
1960LittératureSaint-John Perse
37%
1947LittératureAndré Gide
34%
1985LittératureClaude Simon
34%
1904LittératureFrédéric Mistral
34%
2008MédecineLuc Montagnier
34%
1991PhysiquePierre-Gilles de Gennes
34%
1937LittératureRoger Martin du Gard
34%
1927LittératureHenri Bergson
31%
2012PhysiqueSerge Haroche
31%
1926PaixAristide Briand
29%
1903PhysiqueHenri Becquerel
29%
1992PhysiqueGeorges Charpak
26%
2016ChimieJean-Pierre Sauvage
26%
1915LittératureRomain Rolland
26%
1952PaixAlbert Schweitzer
20%
1997PhysiqueClaude Cohen-Tannoudji
20%
2008MédecineFrançoise Barré-Sinoussi
20%
1965MédecineFrançois Jacob
20%
1901PaixFrédéric Passy
20%
1929PhysiqueLouis de Broglie
20%
1968PaixRené Cassin
20%
2007PhysiqueAlbert Fert
17%
1966PhysiqueAlfred Kastler
17%
2018PhysiqueGérard Mourou
17%
1965MédecineJacques Monod
17%
1926PhysiqueJean Perrin
17%
1912ChimieVictor Grignard
17%
2000LittératureGao Xingjian
14%
1970PhysiqueLouis Néel
14%
1912ChimiePaul Sabatier
14%
1908PhysiqueGabriel Lippmann
11%
2011MédecineJules Hoffmann
11%
1951PaixLéon Jouhaux
11%
1907PaixLouis Renault
11%
2005ChimieYves Chauvin
11%
1907MédecineAlphonse Laveran
9%
1906ChimieHenri Moissan
9%
1987ChimieJean-Marie Lehn
9%
1912MédecineAlexis Carrel
6%
1965MédecineAndré Lwoff
6%
1927PaixFerdinand Buisson
6%
1920PaixLéon Bourgeois
6%
1909PaixPaul Henri Balluet d'Estournelles de Constant
6%
1956MédecineAndré Frédéric Cournand
3%
1928MédecineCharles Nicolle
3%
1913MédecineCharles Richet
3%
1980MédecineJean Dausset
3%
1977MédecineRoger Guillemin
3%

Distribution des résultats

Percentile par nombre de réponses

% des personnes avec chaque résultat

Votre développement - résultats

Vous n’avez pas pris ce quiz depuis la dernière actualisation